000 00307nam a22001337a 4500
008 170321b xxu||||| |||| 00| 0 eng d
020 _a9781605474540
041 _aeng
080 _23RD
_a616.12-008-073
100 _a7
101 _aSHM
245 _aBREATH&HEART SOUNDS
_cSCHILLING, J.A
942 _2udc
_cBK
999 _c8274
_d8274